000 00500nam a2200169Ia 4500
999 _c13717
_d13717
003 OSt
005 20201113111001.0
008 190216s9999||||xx |||||||||||||| ||und||
040 _coclc
082 _a820
_bBHA/I
100 _aBhattacharyya, Birendra Kumar
_96291
245 0 _aIndian Literature /
_cBirendra Kumar Bhattacharyya
260 _bSahitya Bhawan,
_c1978.
_aNew delhi:
300 _a191p
650 _aIndian Literature
942 _cBK
_2ddc
_h820
_iBHA/I
_k820
_mBHA/I